[Event "Madrid ch - Previa B 2013"]
[Site "Madrid ESP"]
[Date "2013.02.02"]
[Round "2.1"]
[White "Cano Cabanillas, Javier"]
[Black "Leniz Martinez, Francisco"]
[Result "1-0"]
[WhiteElo "1985"]
[BlackElo "1779"]
[PlyCount "83"]
[EventDate "2013.02.01"]
[EventType "swiss"]
[EventRounds "9"]
[EventCountry "ESP"]
[Source "lmi"]
[SourceDate "2013.02.01"]

1. e4 c5 2. Nf3 e6 3. d4 cxd4 4. Nxd4 a6 5. c4 Nf6 6. Nc3 Bb4 7. Bd3 Qc7 8.
Nde2 Nc6 9. O-O Be7 10. Bf4 d6 11. Rc1 b6 12. Nd5 Qd8 13. Nxe7 Qxe7 14. Bc2 e5
15. Ba4 Bb7 16. Bg5 O-O 17. Ng3 Nd4 18. f3 b5 19. Bb3 Rac8 20. Nh5 Kh8 21. Qd2
Rg8 22. Kh1 Qe6 23. Bxf6 gxf6 24. cxb5 Nxb3 25. axb3 axb5 26. Rxc8 Bxc8 27. Rd1
Rg5 28. Ng3 Qxb3 29. Qxd6 Be6 30. Nh5 h6 31. Nxf6 Kg7 32. Ne8+ Kh7 33. h4 Rg3
34. Rd2 Qe3 35. Qd3 Qe1+ 36. Kh2 Rg6 37. Qe2 Qxh4+ 38. Kg1 Bh3 39. Qe3 Qg3 40.
Qe2 Bxg2 41. Nf6+ Kg7 42. Nh5+ 1-0

[Event "Madrid ch - Previa B 2013"]
[Site "Madrid ESP"]
[Date "2013.02.02"]
[Round "2.2"]
[White "Yeves Miquel, Enrique"]
[Black "Garcia-Ruiz Fuentes, Angel M"]
[Result "0-1"]
[WhiteElo "1742"]
[BlackElo "1963"]
[PlyCount "86"]
[EventDate "2013.02.01"]
[EventType "swiss"]
[EventRounds "9"]
[EventCountry "ESP"]
[Source "lmi"]
[SourceDate "2013.02.01"]

1. d4 Nf6 2. c4 c5 3. d5 b5 4. cxb5 a6 5. b6 e6 6. Nc3 Nxd5 7. Nxd5 exd5 8.
Qxd5 Nc6 9. Bg5 Qxb6 10. Qe4+ Be7 11. Bxe7 Nxe7 12. Qxa8 d5 13. O-O-O O-O 14.
Nf3 Bb7 15. Qxf8+ Kxf8 16. g3 d4 17. Bg2 Qe6 18. Kb1 Bd5 19. a3 Qe4+ 20. Ka1
Qxe2 21. Nxd4 cxd4 22. Bxd5 Nxd5 23. Rxd4 Nb6 24. f4 Nc4 25. Rd8+ Ke7 26. Rb8
a5 27. Rc1 g6 28. f5 gxf5 29. h3 h5 30. Rb3 Kf6 31. h4 Kg7 32. Rb8 Qe5 33. Rb3
Nd2 34. Rbc3 Ne4 35. Re3 Qd4 36. Rce1 Qd2 37. R1e2 Qc1+ 38. Ka2 Qc4+ 39. Kb1
Kf6 40. Re1 Qc7 41. Rg1 Qd6 42. Ka1 Qd2 43. Rge1 Nxg3 0-1

[Event "Madrid ch - Previa B 2013"]
[Site "Madrid ESP"]
[Date "2013.02.02"]
[Round "2.3"]
[White "Soto Martin, Pablo"]
[Black "Flores Carpintero, Luis A"]
[Result "0-1"]
[WhiteElo "1740"]
[BlackElo "1939"]
[PlyCount "90"]
[EventDate "2013.02.01"]
[EventType "swiss"]
[EventRounds "9"]
[EventCountry "ESP"]
[Source "lmi"]
[SourceDate "2013.02.01"]

1. e4 c6 2. d4 d5 3. Nd2 dxe4 4. Nxe4 Bf5 5. Ng3 Bg6 6. Bc4 e6 7. N1e2 Nf6 8.
O-O Bd6 9. f4 Qc7 10. c3 O-O 11. h3 Nbd7 12. Rf3 Ne4 13. Qe1 Ndf6 14. f5 Nxg3
15. fxg6 Nxe2+ 16. Qxe2 hxg6 17. Bg5 Nh5 18. Qe4 Ng3 19. Qd3 Rae8 20. Bh4 Nf5
21. Bg5 a6 22. g4 Ne7 23. Raf1 Nd5 24. Bb3 Qa5 25. h4 e5 26. dxe5 Rxe5 27. c4
Qc5+ 28. Kh1 Nb4 29. Qd2 Rxg5 30. hxg5 a5 31. a3 Na6 32. Rd3 Be7 33. Rd7 Bxg5
34. Qd3 Bf6 35. Qe2 Qg5 36. Rf2 Nc5 37. Qd1 Nxd7 38. Qxd7 Qh4+ 39. Kg2 Rd8 40.
Qxb7 Qxg4+ 41. Kf1 Qh3+ 42. Rg2 Qh1+ 43. Rg1 Qf3+ 44. Ke1 Bh4+ 45. Rg3 Bxg3#
0-1

[Event "Madrid ch - Previa B 2013"]
[Site "Madrid ESP"]
[Date "2013.02.02"]
[Round "2.4"]
[White "Fernandez Rodriguez, Fernando J"]
[Black "Largo Barbero, Benito"]
[Result "1/2-1/2"]
[WhiteElo "1733"]
[BlackElo "1916"]
[PlyCount "38"]
[EventDate "2013.02.01"]
[EventType "swiss"]
[EventRounds "9"]
[EventCountry "ESP"]
[Source "lmi"]
[SourceDate "2013.02.01"]

1. e4 d5 2. exd5 Qxd5 3. d4 Nf6 4. Nc3 Qa5 5. Bd2 Qb6 6. Nf3 Bf5 7. Bc4 e6 8.
O-O c6 9. Rb1 Bd6 10. h3 h6 11. Re1 O-O 12. Be3 Qc7 13. Bd3 Bxd3 14. Qxd3 Nbd7
15. Rbd1 Rad8 16. Ne2 Nb6 17. Qb3 Nbd5 18. Bd2 Ne4 19. c4 Ndf6 1/2-1/2

[Event "Madrid ch - Previa B 2013"]
[Site "Madrid ESP"]
[Date "2013.02.02"]
[Round "2.5"]
[White "Lopez Ziegler, Carlos"]
[Black "Lianes Garcia, Marcos"]
[Result "1/2-1/2"]
[WhiteElo "1911"]
[BlackElo "1724"]
[PlyCount "48"]
[EventDate "2013.02.01"]
[EventType "swiss"]
[EventRounds "9"]
[EventCountry "ESP"]
[Source "lmi"]
[SourceDate "2013.02.01"]

1. e4 c5 2. Nf3 d6 3. d4 cxd4 4. Nxd4 Nf6 5. Nc3 a6 6. Be2 e6 7. O-O Be7 8. a4
Qc7 9. Be3 O-O 10. f4 Nc6 11. Nb3 b6 12. Bf3 Rb8 13. Qe2 Re8 14. Rad1 Bb7 15.
Kh1 Nd7 16. Bg1 Red8 17. g4 Nc5 18. g5 Nxb3 19. cxb3 Bf8 20. h4 Ne7 21. Qg2 Ng6
22. Qh2 Ne7 23. Qg2 Ng6 24. Qh2 Ne7 1/2-1/2

[Event "Madrid ch - Previa B 2013"]
[Site "Madrid ESP"]
[Date "2013.02.02"]
[Round "2.6"]
[White "Benitez Cadenas, Luis Miguel"]
[Black "Rodriguez Del Pino, Daniel"]
[Result "0-1"]
[WhiteElo "1714"]
[BlackElo "1906"]
[PlyCount "46"]
[EventDate "2013.02.01"]
[EventType "swiss"]
[EventRounds "9"]
[EventCountry "ESP"]
[Source "lmi"]
[SourceDate "2013.02.01"]

1. c4 Nf6 2. Nc3 g6 3. g3 Bg7 4. Bg2 O-O 5. Nf3 d6 6. O-O c5 7. d3 Nc6 8. Qc2
Bg4 9. Ne1 Nd4 10. Qd2 Qd7 11. Nc2 Bh3 12. Nxd4 cxd4 13. Nb5 Bxg2 14. Kxg2 e5
15. Qb4 Rfd8 16. Bg5 a6 17. Na3 Qg4 18. Bxf6 Bxf6 19. Rae1 Rab8 20. Nc2 b5 21.
cxb5 Rxb5 22. Qa3 Qc8 23. Nb4 Qb7+ 0-1

[Event "Madrid ch - Previa B 2013"]
[Site "Madrid ESP"]
[Date "2013.02.02"]
[Round "2.7"]
[White "Marcos Herrero, Francisco"]
[Black "Lacaci Otero, Ivan"]
[Result "1-0"]
[WhiteElo "1895"]
[BlackElo "1671"]
[PlyCount "105"]
[EventDate "2013.02.01"]
[EventType "swiss"]
[EventRounds "9"]
[EventCountry "ESP"]
[Source "lmi"]
[SourceDate "2013.02.01"]

1. d4 Nf6 2. Nf3 g6 3. c4 Bg7 4. Nc3 c5 5. g3 O-O 6. Bg2 Re8 7. O-O cxd4 8.
Nxd4 Nc6 9. Nc2 e6 10. e4 a5 11. Qd6 Ra6 12. a3 Bf8 13. Qd2 Ne5 14. Ne3 Bh6 15.
Qe2 Qb6 16. Kh1 Qb3 17. f4 Nc6 18. e5 Nh5 19. Nb5 Rd8 20. Be4 d5 21. Bc2 Nd4
22. Nxd4 Qb6 23. Nf3 d4 24. Ng2 Bf8 25. g4 Ng7 26. Bd3 Bd7 27. h3 Raa8 28. Kh2
Bc6 29. Nd2 Be7 30. Ne4 Bxe4 31. Qxe4 f5 32. Qe2 h5 33. Rg1 hxg4 34. hxg4 Kf7
35. Ne1 Rh8+ 36. Kg2 Rh4 37. g5 Rah8 38. Nf3 Nh5 39. Nxh4 Nxf4+ 40. Bxf4 Rxh4
41. Bg3 Rg4 42. Rh1 Bxg5 43. Rh7+ Ke8 44. Rah1 a4 45. Rh8+ Kd7 46. R1h7+ Be7
47. Kf2 Qc5 48. Qf3 Qb6 49. Rxe7+ Kxe7 50. Qxb7+ Qxb7 51. Rh7+ Ke8 52. Rxb7 g5
53. Kf3 1-0

[Event "Madrid ch - Previa B 2013"]
[Site "Madrid ESP"]
[Date "2013.02.02"]
[Round "2.8"]
[White "Canseco Arenas, Alfonso"]
[Black "Garcia Serrano, Jose M. Ii"]
[Result "0-1"]
[WhiteElo "1706"]
[BlackElo "1877"]
[PlyCount "44"]
[EventDate "2013.02.01"]
[EventType "swiss"]
[EventRounds "9"]
[EventCountry "ESP"]
[Source "lmi"]
[SourceDate "2013.02.01"]

1. a3 e5 2. d3 d5 3. Nf3 Nc6 4. c3 f5 5. Bg5 Nf6 6. e3 a6 7. Bxf6 Qxf6 8. d4 e4
9. Nfd2 Bd6 10. c4 f4 11. cxd5 fxe3 12. Nxe4 exf2+ 13. Nxf2 O-O 14. Qd2 Nxd4
15. Bc4 b5 16. Ba2 Bf5 17. O-O Qe5 18. Re1 Nf3+ 19. gxf3 Qxh2+ 20. Kf1 Bxb1 21.
Raxb1 Rxf3 22. Re2 Qh1# 0-1

[Event "Madrid ch - Previa B 2013"]
[Site "Madrid ESP"]
[Date "2013.02.02"]
[Round "2.10"]
[White "Bento Iglesias, Pablo"]
[Black "Cano Mercado, Francisco Manuel"]
[Result "1/2-1/2"]
[WhiteElo "1525"]
[BlackElo "1865"]
[PlyCount "149"]
[EventDate "2013.02.01"]
[EventType "swiss"]
[EventRounds "9"]
[EventCountry "ESP"]
[Source "lmi"]
[SourceDate "2013.02.01"]

1. e4 e6 2. d4 d5 3. exd5 exd5 4. Nf3 Nf6 5. c4 c6 6. Nc3 Be7 7. h3 O-O 8. Bd3
Nbd7 9. O-O dxc4 10. Bxc4 Nb6 11. Bd3 Nbd5 12. a3 Bd6 13. Ne4 Bf4 14. Qc2 Bxc1
15. Raxc1 Nxe4 16. Bxe4 Nf6 17. Bd3 h6 18. Rcd1 Be6 19. Bc4 Bxc4 20. Qxc4 Qd5
21. Qb4 Qd7 22. Ne5 Qc7 23. Rfe1 Nd5 24. Qc5 Qb6 25. b4 Rad8 26. g3 Rfe8 27.
Nf3 Qa6 28. Qc1 Rxe1+ 29. Rxe1 Qd3 30. Kg2 Rd6 31. Qb1 Qxb1 32. Rxb1 Re6 33.
Re1 Rxe1 34. Nxe1 Nc3 35. Kf3 Kf8 36. Kf4 Ke7 37. Ke5 g6 38. Nc2 f6+ 39. Kf4
Ke6 40. Ke3 f5 41. Kd3 Nd5 42. f3 g5 43. Na1 h5 44. Nb3 b6 45. Nd2 h4 46. g4
Nf4+ 47. Ke3 Nxh3 48. gxf5+ Kxf5 49. Ne4 Nf4 50. Nd6+ Ke6 51. Ne4 Kf5 52. Nd6+
Kg6 53. Kf2 Ne6 54. Nc8 Nxd4 55. Nxa7 Kf5 56. a4 Kf4 57. Nc8 Nc2 58. a5 bxa5
59. bxa5 Nb4 60. Kg2 h3+ 61. Kf2 c5 62. Nb6 h2 63. Kg2 h1=Q+ 64. Kxh1 Kxf3 65.
Kg1 g4 66. Nd7 Na6 67. Ne5+ Kf4 68. Nc4 Kf3 69. Ne5+ Kg3 70. Nc4 Kf4 71. Nd2
Ke3 72. Nc4+ Kd4 73. Nb6 Kc3 74. Na4+ Kb4 75. Nxc5 1/2-1/2

[Event "Madrid ch - Previa B 2013"]
[Site "Madrid ESP"]
[Date "2013.02.02"]
[Round "2.11"]
[White "Ordoñez Morales, Alberto"]
[Black "Caravantes Camacho, Fernando"]
[Result "1-0"]
[WhiteElo "1836"]
[BlackElo "1817"]
[PlyCount "41"]
[EventDate "2013.02.01"]
[EventType "swiss"]
[EventRounds "9"]
[EventCountry "ESP"]
[Source "lmi"]
[SourceDate "2013.02.01"]

1. e4 e6 2. d4 d5 3. e5 c5 4. c3 Nc6 5. Nf3 Qb6 6. Be2 cxd4 7. cxd4 Bd7 8. O-O
Nh6 9. Nc3 Nf5 10. Be3 Be7 11. Qd2 Rc8 12. Rfc1 O-O 13. Bd3 Qa5 14. g4 Nh4 15.
Nxh4 Bxh4 16. g5 g6 17. Qe2 Bxg5 18. Bxg5 Nxd4 19. Qe3 Nc6 20. Bf6 Nxe5 21. Qh6
1-0

[Event "Madrid ch - Previa B 2013"]
[Site "Madrid ESP"]
[Date "2013.02.02"]
[Round "2.14"]
[White "Muñoz Cebey, Ricardo"]
[Black "Peñas Merino, Ramona"]
[Result "0-1"]
[WhiteElo "1961"]
[BlackElo "1684"]
[PlyCount "58"]
[EventDate "2013.02.01"]
[EventType "swiss"]
[EventRounds "9"]
[EventCountry "ESP"]
[Source "lmi"]
[SourceDate "2013.02.01"]

1. e4 e6 2. d3 d5 3. Nd2 c5 4. Ngf3 Nc6 5. g3 Bd6 6. Bg2 Nge7 7. O-O O-O 8. Re1
Bc7 9. Qe2 f6 10. Nf1 Rb8 11. h4 d4 12. h5 h6 13. Nh4 e5 14. f4 f5 15. fxe5
Nxe5 16. Nf3 Nxf3+ 17. Bxf3 fxe4 18. Qxe4 Nf5 19. Kg2 b6 20. Qd5+ Qxd5 21.
Bxd5+ Kh8 22. Bd2 Bb7 23. Bxb7 Rxb7 24. Re4 Bb8 25. Rae1 Rbf7 26. Re8 Ne3+ 27.
R1xe3 dxe3 28. Rxf8+ Rxf8 29. Nxe3 Be5 0-1

[Event "Madrid ch - Previa B 2013"]
[Site "Madrid ESP"]
[Date "2013.02.02"]
[Round "2.15"]
[White "Soto Martin, Miguel"]
[Black "Arroyo Fernandez, Francisco J"]
[Result "0-1"]
[WhiteElo "1497"]
[BlackElo "1840"]
[PlyCount "92"]
[EventDate "2013.02.01"]
[EventType "swiss"]
[EventRounds "9"]
[EventCountry "ESP"]
[Source "lmi"]
[SourceDate "2013.02.01"]

1. d4 d6 2. Nf3 Nd7 3. g3 e5 4. Nbd2 Ngf6 5. dxe5 Nxe5 6. Bg2 Be7 7. O-O Nxf3+
8. Nxf3 O-O 9. b3 c6 10. c4 d5 11. cxd5 Nxd5 12. Bb2 Be6 13. a3 Nf6 14. Qc2 Qb6
15. b4 h6 16. e4 a5 17. Rab1 axb4 18. axb4 Rfd8 19. Bxf6 Bxf6 20. Qc5 Qc7 21.
b5 Be7 22. Qc1 c5 23. Rd1 Rxd1+ 24. Qxd1 b6 25. Qc1 Ra2 26. Nd4 Bd7 27. Qc4 Rd2
28. Nc2 Qd6 29. Ne3 Bf6 30. Nd5 Bd4 31. Rf1 Rb2 32. Nc3 Bxc3 33. Qxc3 Rxb5 34.
Qc2 Rb4 35. Ra1 Bc6 36. Rd1 Rd4 37. Re1 Rd2 38. Qb3 Qd4 39. Rf1 c4 40. Qb4 b5
41. Qa3 c3 42. Qa1 b4 43. Qa6 Bxe4 44. Bxe4 Qxe4 45. Qa1 Qd3 46. Re1 c2 0-1

[Event "Madrid ch - Previa B 2013"]
[Site "Madrid ESP"]
[Date "2013.02.02"]
[Round "2.16"]
[White "Ojosnegros Martin, Angel"]
[Black "Merino Araguas, Jose Javier"]
[Result "1/2-1/2"]
[WhiteElo "1522"]
[BlackElo "1829"]
[PlyCount "126"]
[EventDate "2013.02.01"]
[EventType "swiss"]
[EventRounds "9"]
[EventCountry "ESP"]
[Source "lmi"]
[SourceDate "2013.02.01"]

1. e4 e6 2. d4 d5 3. exd5 exd5 4. Nf3 Bg4 5. Be3 Nf6 6. c4 Bb4+ 7. Bd2 Qe7+ 8.
Qe2 Bxf3 9. Bxb4 Qxe2+ 10. Bxe2 Bxe2 11. Kxe2 Nc6 12. Bc3 dxc4 13. Re1 O-O-O
14. Kf1 Nxd4 15. Na3 a6 16. Re7 Rhf8 17. Nxc4 Ne6 18. Bxf6 gxf6 19. Rc1 Rd4 20.
Ne3 h5 21. Nf5 Rd5 22. Nh6 Rd7 23. Rxd7 Kxd7 24. Nf5 Rd8 25. Rd1+ Ke8 26. Rxd8+
Kxd8 27. g3 Kd7 28. Ke2 Kc6 29. Ke3 Kd7 30. b4 b6 31. Ke4 Ng5+ 32. Kd5 c6+ 33.
Kc4 Nf3 34. h4 Ne5+ 35. Kd4 Ng4 36. f4 Nf2 37. a4 Ng4 38. a5 c5+ 39. bxc5 bxa5
40. Kc4 a4 41. Kb4 a3 42. Kxa3 Kc6 43. Kb4 Nf2 44. Nd4+ Kc7 45. Ka5 Ne4 46.
Kxa6 Nxc5+ 47. Kb5 Ne4 48. Nf5 Kd7 49. Kc4 Ke6 50. Ng7+ Ke7 51. Nxh5 f5 52. Kd5
f6 53. g4 Nc3+ 54. Kd4 Nb5+ 55. Ke3 fxg4 56. Ng3 Nd6 57. f5 Nf7 58. Kf4 Nh6 59.
Nh5 Kf7 60. Ng3 Ke7 61. Nh5 Kf7 62. Ng3 Ke7 63. Nh5 Kf7 1/2-1/2

[Event "Madrid ch - Previa B 2013"]
[Site "Madrid ESP"]
[Date "2013.02.02"]
[Round "2.17"]
[White "Dominguez Alfara, Miguel"]
[Black "Yaniz Lana, Francisco Javier"]
[Result "1-0"]
[WhiteElo "1823"]
[BlackElo "1669"]
[PlyCount "43"]
[EventDate "2013.02.01"]
[EventType "swiss"]
[EventRounds "9"]
[EventCountry "ESP"]
[Source "lmi"]
[SourceDate "2013.02.01"]

1. d4 Nf6 2. Nf3 e6 3. e3 d5 4. Bd3 c5 5. c3 Bd6 6. Nbd2 O-O 7. O-O Nc6 8. Re1
b6 9. e4 dxe4 10. Nxe4 Nxe4 11. Bxe4 Bb7 12. Bxh7+ Kxh7 13. Ng5+ Kg8 14. Qh5
Bxh2+ 15. Kxh2 Qc7+ 16. Kg1 Rfd8 17. Qh7+ Kf8 18. Qh8+ Ke7 19. Qxg7 Rf8 20.
Nxe6 Qd6 21. Nxc5+ Kd8 22. Nxb7+ 1-0

[Event "Madrid ch - Previa B 2013"]
[Site "Madrid ESP"]
[Date "2013.02.02"]
[Round "2.18"]
[White "Sebastian Enesco, Alex"]
[Black "Escanciano Reyero, Daniel"]
[Result "1-0"]
[WhiteElo "1771"]
[BlackElo "1498"]
[PlyCount "35"]
[EventDate "2013.02.01"]
[EventType "swiss"]
[EventRounds "9"]
[EventCountry "ESP"]
[Source "lmi"]
[SourceDate "2013.02.01"]

1. e4 e6 2. d4 d5 3. Nc3 Bb4 4. e5 Bd7 5. Qg4 g6 6. Nf3 h6 7. Bd3 Ne7 8. Nh4 g5
9. Nf3 c5 10. h4 f5 11. exf6 e5 12. Qh5+ Kf8 13. fxe7+ Qxe7 14. O-O e4 15. Nxd5
Qd6 16. Bxe4 Be8 17. Qg4 Bf7 18. Nxb4 1-0

[Event "Madrid ch - Previa B 2013"]
[Site "Madrid ESP"]
[Date "2013.02.02"]
[Round "2.19"]
[White "Mosteiro Montoro, Alvaro"]
[Black "Lopez Ziegler, Juan Jose"]
[Result "1/2-1/2"]
[WhiteElo "1674"]
[BlackElo "1451"]
[PlyCount "87"]
[EventDate "2013.02.01"]
[EventType "swiss"]
[EventRounds "9"]
[EventCountry "ESP"]
[Source "lmi"]
[SourceDate "2013.02.01"]

1. d4 Nf6 2. c4 e6 3. Nc3 Bb4 4. Nf3 b6 5. e3 Bb7 6. Bd3 Ne4 7. Qc2 f5 8. O-O
Bxc3 9. bxc3 O-O 10. Nd2 Nxd2 11. Bxd2 c5 12. f3 Qf6 13. e4 cxd4 14. cxd4 fxe4
15. fxe4 Qxd4+ 16. Kh1 Nc6 17. Bc3 Qc5 18. Rxf8+ Rxf8 19. Rf1 Rxf1+ 20. Bxf1
Nd4 21. Bxd4 Qxd4 22. Bd3 d5 23. cxd5 exd5 24. exd5 Qa1+ 25. Qb1 Qxb1+ 26. Bxb1
Bxd5 27. Kg1 Kf7 28. Kf2 Ke6 29. Bxh7 Bxa2 30. Bg8+ Kd6 31. Bxa2 Kc5 32. Ke3 a5
33. Kd3 a4 34. h4 b5 35. g4 b4 36. Kc2 b3+ 37. Bxb3 axb3+ 38. Kxb3 Kd6 39. Kc3
Ke5 40. Kd3 Kf4 41. g5 Kg4 42. Ke4 g6 43. Ke3 Kxh4 44. Kf4 1/2-1/2

[Event "Madrid ch - Previa B 2013"]
[Site "Madrid ESP"]
[Date "2013.02.02"]
[Round "2.21"]
[White "Herrero Corada, Jose Ignacio"]
[Black "Torres Alvarez, Augusto J"]
[Result "1-0"]
[WhiteElo "1849"]
[BlackElo "1541"]
[PlyCount "61"]
[EventDate "2013.02.01"]
[EventType "swiss"]
[EventRounds "9"]
[EventCountry "ESP"]
[Source "lmi"]
[SourceDate "2013.02.01"]

1. e4 e6 2. d4 d5 3. exd5 exd5 4. Bd3 Nf6 5. Ne2 c5 6. dxc5 Nc6 7. Nd2 Bxc5 8.
Nb3 Be7 9. O-O O-O 10. Ned4 Bd7 11. Re1 Nxd4 12. Nxd4 Re8 13. Bf4 Qb6 14. Nb3
Ng4 15. Bg3 Bd6 16. Qf3 Bxg3 17. Qxg3 h5 18. h3 Nf6 19. Rad1 Rxe1+ 20. Rxe1 Re8
21. Rxe8+ Bxe8 22. Qe5 Qe6 23. Qxe6 fxe6 24. Nc5 e5 25. Nxb7 e4 26. Ba6 Bf7 27.
Nd6 Be6 28. Nb5 d4 29. Nxd4 Bxa2 30. b3 Nd5 31. Bc4 1-0

[Event "Madrid ch - Previa B 2013"]
[Site "Madrid ESP"]
[Date "2013.02.02"]
[Round "2.22"]
[White "Herranz Sanchez, Pablo"]
[Black "Cortijo Manso, Luis"]
[Result "1-0"]
[WhiteElo "1722"]
[BlackElo "1526"]
[PlyCount "59"]
[EventDate "2013.02.01"]
[EventType "swiss"]
[EventRounds "9"]
[EventCountry "ESP"]
[Source "lmi"]
[SourceDate "2013.02.01"]

1. e4 c5 2. Nf3 d6 3. d4 cxd4 4. Nxd4 a6 5. Nc3 Nf6 6. Be2 Nc6 7. Be3 Bd7 8.
Qd2 e6 9. f4 Be7 10. O-O O-O 11. Bf3 Re8 12. Rad1 Qc7 13. Qf2 e5 14. Nf5 Bf8
15. Bb6 Qb8 16. Qg3 g6 17. Qg5 Re6 18. Nh6+ Kg7 19. f5 Re7 20. fxg6 fxg6 21.
Nf5+ Bxf5 22. exf5 Qe8 23. Rxd6 Qf7 24. Bxc6 bxc6 25. fxg6 Qxg6 26. Qxg6+ hxg6
27. Rfxf6 Rae8 28. Rxg6+ Kh7 29. Ne4 Kh8 30. Nf6 1-0

[Event "Madrid ch - Previa B 2013"]
[Site "Madrid ESP"]
[Date "2013.02.02"]
[Round "2.23"]
[White "Vazquez Cabeza, Isaac"]
[Black "Kalynovsky, Martin"]
[Result "1/2-1/2"]
[WhiteElo "1493"]
[BlackElo "1719"]
[PlyCount "119"]
[EventDate "2013.02.01"]
[EventType "swiss"]
[EventRounds "9"]
[EventCountry "ESP"]
[Source "lmi"]
[SourceDate "2013.02.01"]

1. c4 c5 2. Nc3 Nc6 3. g3 g6 4. Bg2 Bg7 5. Nf3 Nf6 6. d3 d6 7. O-O Bd7 8. Bg5
Qc8 9. Qc1 Bh3 10. Bh6 O-O 11. Re1 Bxg2 12. Kxg2 a6 13. Bxg7 Kxg7 14. Na4 Nd7
15. Qc3+ Kg8 16. b3 b6 17. e3 Qb7 18. Kg1 b5 19. Nb2 Nce5 20. Nd2 Nf3+ 21. Nxf3
Qxf3 22. Qd2 Rfc8 23. Qe2 Ne5 24. Rad1 Qf6 25. f4 Nc6 26. Rc1 b4 27. Nd1 a5 28.
Nf2 a4 29. Ng4 Qg7 30. Rb1 axb3 31. axb3 Ra3 32. Qb2 Na5 33. Qc2 Ra8 34. Rb2
Ra7 35. Reb1 Nc6 36. Nf2 e5 37. Ne4 Qf8 38. Nf6+ Kg7 39. Nd5 Ne7 40. Nxe7 Qxe7
41. fxe5 Qxe5 42. Qf2 Ra1 43. Qd2 Rxb1+ 44. Rxb1 Ra3 45. Qb2 f6 46. Qxe5 fxe5
47. h4 g5 48. Kf2 gxh4 49. gxh4 Kg6 50. Kf3 Kf5 51. e4+ Kf6 52. Kg4 Ra2 53.
Rf1+ Ke6 54. Kg5 Rb2 55. Rf6+ Ke7 56. Rh6 Rg2+ 57. Kf5 Rg7 58. h5 Rf7+ 59. Kg4
Rg7+ 60. Kf5 1/2-1/2

[Event "Madrid ch - Previa B 2013"]
[Site "Madrid ESP"]
[Date "2013.02.02"]
[Round "2.24"]
[White "Martin Rodriguez, Jose Luis"]
[Black "Sancinena Arpide, Juan"]
[Result "0-1"]
[WhiteElo "1452"]
[BlackElo "1702"]
[PlyCount "70"]
[EventDate "2013.02.01"]
[EventType "swiss"]
[EventRounds "9"]
[EventCountry "ESP"]
[Source "lmi"]
[SourceDate "2013.02.01"]

1. e4 Nf6 2. e5 Nd5 3. d4 d6 4. exd6 Qxd6 5. Nf3 Nc6 6. Be2 Bg4 7. c3 e6 8. Ng5
Bxe2 9. Qxe2 h6 10. Qh5 g6 11. Qh3 Bg7 12. Ne4 Qe7 13. O-O O-O-O 14. Na3 f5 15.
Nc5 b6 16. Nd3 e5 17. Re1 Rhe8 18. Bd2 Qd7 19. Nc2 exd4 20. c4 Nf6 21. Rxe8
Rxe8 22. Nf4 g5 23. Nd3 Re2 24. Rd1 Ne4 25. Qh5 Rxd2 26. Re1 Rxd3 27. f3 Nf6
28. Qg6 Rd2 29. Na3 d3 30. c5 Qd4+ 31. Kh1 Re2 32. Qxf5+ Kb7 33. Rd1 d2 34. Nc2
Qf2 35. Qh3 Re1+ 0-1

[Event "Madrid ch - Previa B 2013"]
[Site "Madrid ESP"]
[Date "2013.02.02"]
[Round "2.25"]
[White "Villarroya Samaniego, Javier"]
[Black "Franco Rincon, David"]
[Result "0-1"]
[WhiteElo "1275"]
[BlackElo "1671"]
[PlyCount "84"]
[EventDate "2013.02.01"]
[EventType "swiss"]
[EventRounds "9"]
[EventCountry "ESP"]
[Source "lmi"]
[SourceDate "2013.02.01"]

1. Nf3 Nf6 2. d3 Nc6 3. g3 e5 4. Bg2 Be7 5. O-O O-O 6. a3 d6 7. Nbd2 h6 8. b4
a6 9. Bb2 Bg4 10. Re1 Qd7 11. Qc1 Nh7 12. c4 f5 13. h3 Bh5 14. Kh2 Nd8 15. Qc3
Bf6 16. Qc2 c6 17. e4 Nf7 18. exf5 Bxf3 19. Nxf3 Qxf5 20. Re2 Nhg5 21. Nxg5
Nxg5 22. Rf1 Ne6 23. Re4 g5 24. g4 Qg6 25. Qd2 Rf7 26. f3 Rd8 27. Rc1 Rfd7 28.
Rd1 Ra8 29. Qf2 a5 30. Ra1 Nf4 31. Qd2 d5 32. cxd5 Rxd5 33. bxa5 Nxd3 34. Rb1
Nc5 35. Qe1 Nxe4 36. fxe4 Rdxa5 37. Rd1 Qf7 38. Rd3 Qc7 39. Qd2 Rd8 40. Rxd8+
Qxd8 41. Qb4 Rb5 42. Qc3 Qd4 0-1

[Event "Madrid ch - Previa B 2013"]
[Site "Madrid ESP"]
[Date "2013.02.02"]
[Round "2.26"]
[White "Rodriguez Sebastian, Roberto"]
[Black "Roman Garcia, Jose Luis"]
[Result "1-0"]
[WhiteElo "1670"]
[BlackElo "1512"]
[PlyCount "77"]
[EventDate "2013.02.01"]
[EventType "swiss"]
[EventRounds "9"]
[EventCountry "ESP"]
[Source "lmi"]
[SourceDate "2013.02.01"]

1. e4 e5 2. Nf3 Nc6 3. Bb5 a6 4. Ba4 Nf6 5. O-O b5 6. Bb3 Be7 7. Qe2 d6 8. c3
O-O 9. Rd1 Bg4 10. d3 h6 11. Nbd2 a5 12. a4 b4 13. Nf1 Qc8 14. Ng3 Nh5 15. Nxh5
Bxh5 16. d4 Bf6 17. Bd5 Qa6 18. Qb5 Bxf3 19. gxf3 Nxd4 20. cxd4 Rfb8 21. Qxa6
Rxa6 22. Be3 b3 23. Rac1 Rb4 24. Bc4 Rc6 25. Bb5 Rxc1 26. Rxc1 exd4 27. Bd2 Bg5
28. f4 Rxb5 29. axb5 Bd8 30. Bxa5 Bf6 31. Bxc7 d3 32. e5 dxe5 33. Bxe5 Be7 34.
Rd1 f6 35. Bd4 Bd6 36. Rxd3 Bxf4 37. b6 Kf7 38. b7 Ke8 39. Ba7 1-0

[Event "Madrid ch - Previa B 2013"]
[Site "Madrid ESP"]
[Date "2013.02.02"]
[Round "2.27"]
[White "Melcon Diez, Enrique"]
[Black "Morona Calvo, Virgilio"]
[Result "1-0"]
[WhiteElo "1669"]
[BlackElo "1492"]
[PlyCount "43"]
[EventDate "2013.02.01"]
[EventType "swiss"]
[EventRounds "9"]
[EventCountry "ESP"]
[Source "lmi"]
[SourceDate "2013.02.01"]

1. c4 Nf6 2. Nc3 g6 3. e4 d6 4. d4 Nc6 5. d5 Ne5 6. f4 Ned7 7. Nf3 c6 8. Bd3
Bg7 9. O-O O-O 10. Qe2 Nc5 11. Bc2 Qb6 12. Kh1 Bg4 13. h3 Bd7 14. e5 Nh5 15.
Qf2 Bh8 16. g4 Ng7 17. Qh4 Rfe8 18. Ng5 h5 19. e6 fxe6 20. Bxg6 exd5 21. Bxh5
Nce6 22. Bf7+ 1-0

[Event "Madrid ch - Previa B 2013"]
[Site "Madrid ESP"]
[Date "2013.02.02"]
[Round "2.28"]
[White "Morona Minguez, Miguel"]
[Black "Di Pietro Moreno, Fatima"]
[Result "1-0"]
[WhiteElo "1628"]
[BlackElo "1273"]
[PlyCount "65"]
[EventDate "2013.02.01"]
[EventType "swiss"]
[EventRounds "9"]
[EventCountry "ESP"]
[Source "lmi"]
[SourceDate "2013.02.01"]

1. e4 e6 2. d4 d5 3. e5 c5 4. c3 Nc6 5. Nf3 Qb6 6. Be2 f6 7. O-O cxd4 8. cxd4
Bd7 9. Nc3 fxe5 10. Nxe5 Nxe5 11. dxe5 g6 12. Qb3 Qc7 13. Nb5 Qxe5 14. Be3 a6
15. Bd4 Qxe2 16. Nc7+ Kf7 17. Nxa8 Bc6 18. Bxh8 d4 19. Bxd4 Qg4 20. Qh3 Qxd4
21. Rfe1 e5 22. Nc7 Qd6 23. Qb3+ Kg7 24. Ne6+ Kh8 25. Rad1 Qe7 26. Rd8 Bh6 27.
Ng5 Be8 28. Rxe8 Qxe8 29. Qf7 Qxf7 30. Nxf7+ Kg7 31. Nxh6 Nxh6 32. Rxe5 Nf5 33.
Rd5 1-0